Statistics for Bollywood King - 3

Click here to take the quiz!

General Stats

  • This quiz has been taken 236 times
  • The average score is 3 of 7

Answer Stats

HintAnswer% Correct
Filmein sirf teen cheezon ki wajah se chalti hain- entertainment, entertainment, entertainment. Aur main entertainment hoonDirty Picture
80%
Har team mein sirf ek hi gunda ho sakta hai aur is team ka gunda mein hunChak De India!
71%
Koi bhi desh perfect nahi hota, use perfect banana padta hai.Rang De Basanti
35%
Seize the day my friend! Pehle is din ko pura jiyo, fir Chalis ke bare me sochnaZindagi Na Milegi Dobara
34%
Kabhi kisi ko itna mat darao ki dar hi khatam ho jayeMary Kom
29%
Raaste ki parwah karunga to manzil bura man jayegiOnce Upon a Time in Mumbai
22%
The more you sweat in peace, the more you bleed in warBorder
10%

Score Distribution

Percentile by Number Answered

Percent of People with Each Score

Your Score History

You have not taken this quiz